Statistics for Countries with 100 million people or more

Click here to take the quiz!

General Stats

  • This quiz has been taken 28 times
  • The average score is 13 of 14

Answer Stats

PopulationAnswer% Correct
164 millionBangladesh
100%
212 millionBrazil
100%
1439 milllionChina
100%
1380 millionIndia
100%
273 millionIndonesia
100%
220 millionPakistan
100%
331 millionUnited States
100%
126 millionJapan
96%
206 millionNigeria
96%
145 millionRussia
96%
128 millionMexico
92%
102 millionEgypt
88%
109 millionPhilippines
88%
114 millionEthiopia
84%

Score Distribution

Percentile by Number Answered

Percent of People with Each Score

Your Score History

You have not taken this quiz